Doom 2016 & Doom Eternal All Demons - Statistics

General Stats
  • This quiz has been taken 104 times
  • The average score is 31 of 65
Answer Stats
Hint Answer % Correct
Doom 2016 Imp
97%
Doom Eternal Imp
97%
Doom 2016 Cacodemon
80%
Doom Eternal Cacodemon
80%
Doom 2016 Cyberdemon
77%
Doom 2016 Baron of Hell
75%
Doom Eternal Baron of Hell
75%
Doom Eternal Zombie
75%
Doom 2016 Hell Knight
74%
Doom Eternal Hell Knight
74%
Doom 2016 Pinky
71%
Doom Eternal Pinky
71%
Doom 2016 Mancubus
68%
Doom Eternal Mancubus
68%
Doom Eternal Archvile
63%
Doom 2016 Revenant
63%
Doom Eternal Revenant
63%
Doom Eternal Icon of Sin
58%
Doom Eternal Arachnotron
57%
Doom Eternal Pain Elemental
57%
Doom 2016 Spider Mastermind
57%
Doom 2016 Lost Soul
52%
Doom Eternal Lost Soul
52%
Doom 2016 Summoner
52%
Doom 2016 The Possessed
52%
Doom Eternal Marauder
51%
Doom 2016 Spectre
51%
Doom Eternal Spectre
51%
Doom Eternal Tyrant
51%
Doom 2016 Cyber-mancubus
49%
Doom Eternal Cyber Mancubus
49%
Doom Eternal Doom Hunter
48%
Doom Eternal Prowler
42%
Doom Eternal Tentacle
42%
Doom Eternal Cueball
40%
Doom 2016 Possessed Engineer
40%
Doom Eternal Gladiator
38%
Doom Eternal Maykr Drone
38%
Doom Eternal Khan Maykr
37%
Doom 2016 Possessed Soldier
37%
The Ancient Gods Stone Imp
37%
The Ancient Gods The Dark Lord
37%
Doom Eternal Whiplash
37%
Doom Eternal Dread Knight
34%
Doom Eternal Gargoyle
34%
Doom 2016 Hell Razer
34%
The Ancient Gods Armoured Baron
32%
Doom Eternal Soldier (Blaster)
32%
Doom 2016 Possessed Security
31%
Doom Eternal Soldier (Shield)
31%
The Ancient Gods Spirit
31%
Doom 2016 Unwilling
31%
The Ancient Gods Samur Maykr
29%
Doom Eternal Carcass
28%
The Ancient Gods Turret
28%
Doom Eternal Buff Totem
26%
Doom 2016 Hell Guards
26%
The Ancient Gods Blood Maykr
25%
The Ancient Gods Cursed Prowler
23%
The Ancient Gods Riot Soldier
23%
The Ancient Gods Screecher Zombie
22%
The Ancient Gods The Trial of Maligog
22%
Doom Eternal Mecha Zombie
20%
The Ancient Gods Demonic Trooper
17%
The Ancient Gods Spectre Whiplash
17%
No matching quizzes found
Score Distribution
Percent of People with Each Score
Percentile by Number Answered
Your Score History
You have not taken this quiz